| 000 | 00841pam a2200253 a 4500 | ||
|---|---|---|---|
| 999 |
_c6156 _d6156 |
||
| 001 | 3769616 | ||
| 003 | OSt | ||
| 005 | 20200128144435.0 | ||
| 008 | 831103s1984 nyua b 001 0 eng | ||
| 010 | _a 83023330 | ||
| 020 | _a0442248792 | ||
| 040 |
_aDLC _cDLC _dDLC |
||
| 050 | 0 | 0 |
_aHD69.P75 _bK47 1984 |
| 082 | 0 | 0 |
_a658.404 _219 _bKER/P |
| 100 |
_aKerzner, Harold _91548 |
||
| 245 | 1 | 0 |
_aProject management : _ba systems approach to planning, scheduling, and controlling / _cHarold Kerzner. |
| 250 | _a2nd ed. | ||
| 260 |
_aNew York : _bVan Nostrand Reinhold, _cc1984. |
||
| 300 |
_axvi, 937 p. : _bill. ; _c24 cm. |
||
| 504 | _aIncludes bibliographies and indexes. | ||
| 650 | 0 | _aProject management. | |
| 906 |
_a7 _bcbc _corignew _d1 _eocip _f19 _gy-gencatlg |
||
| 942 |
_2ddc _cBK _h658.404 _iKER/P _k658.404 _mKER/P |
||